|
|
|
|
| LEADER |
00000nam a2200000 4500 |
| 008 |
170126b2015 cr ||||| |||| 00| | spa d |
| 999 |
|
|
|c 3359
|d 3359
|
| 020 |
|
|
|a 9789977682853
|
| 090 |
|
|
|a 06.03.06
|b 2242
|
| 100 |
1 |
|
|9 1751
|a Mora Alfaro, Jorge
|
| 245 |
1 |
0 |
|a Procesos de internacionalización en la educación superior de Costa Rica
|
| 260 |
|
|
|a San José, Costa Rica :
|b FLACSO,
|c 2015
|
| 300 |
|
|
|a 148 páginas;
|b ilustraciones
|
| 650 |
1 |
4 |
|9 8
|a EDUCACIÓN SUPERIOR
|
| 650 |
1 |
4 |
|9 1663
|a MOVILIDAD ESTUDIANTIL
|
| 650 |
1 |
4 |
|9 1549
|a EDUCACIÓN INTERNACIONAL
|
| 942 |
|
|
|i 004023
|h 06.03.06 2242
|2 z
|c 01
|